Id adobe in design CC 2018 release / (Record no. 157939)
[ view plain ]
| 000 -LEADER | |
|---|---|
| fixed length control field | 00740nam a22002177a 4500 |
| 005 - DATE AND TIME OF LATEST TRANSACTION | |
| control field | 20181011123620.0 |
| 010 ## - LCCN (DPL NO) | |
| LC control number | ENG-124236 |
| 020 ## - INTERNATIONAL STANDARD BOOK NUMBER | |
| International Standard Book Number | 9789352869022 |
| Terms of availability | 749.00 |
| 035 ## - SYSTEM CONTROL NUMBER | |
| System control number | EN-107768 |
| 037 ## - SOURCE OF ACQUISITION | |
| Source of stock number/acquisition | DBAD/PUB |
| 082 ## - DEWEY DECIMAL CLASSIFICATION NUMBER | |
| Classification number | 006.6869 |
| 100 ## - MAIN ENTRY--PERSONAL NAME | |
| Personal name | Gyncild, Brie |
| 245 ## - TITLE STATEMENT | |
| Title | Id adobe in design CC 2018 release / |
| Remainder of title | by Brie Gyncild [and] Lisa Fridsma |
| 260 ## - PUBLICATION, DISTRIBUTION, ETC. (IMPRINT) | |
| Place of publication, distribution, etc | Noida |
| Name of publisher, distributor, etc | Pearson |
| Date of publication, distribution, etc | 2018 |
| 270 ## - ADDRESS | |
| Address | 15th Floor, Tower B, Worls Trade Tower, Plot No.1, Block -C |
| City | Noida (UP) |
| Postal code | 201301 |
| 300 ## - PHYSICAL DESCRIPTION | |
| Extent | 405p. |
| Dimensions | 25cm.(pbk) |
| Other physical details | ill. |
| 500 ## - GENERAL NOTE | |
| General note | Classroom in a book, the official training workbook from adobe |
| 500 ## - GENERAL NOTE | |
| General note | It includes index and contributors |
| 700 ## - ADDED ENTRY--PERSONAL NAME | |
| Personal name | Fridsma, Lisa |
| 942 ## - ADDED ENTRY ELEMENTS (KOHA) | |
| Source of classification or shelving scheme | Dewey Decimal Classification |
| Item type | English Books |
| Classification part | 006.6869 |
| Call number suffix | GYN |
| Withdrawn status | Lost status | Not for loan | Collection code | Home library | Current library | Date acquired | Source of acquisition | Cost, normal purchase price | Full call number | Barcode | Copy number | Cost, replacement price | Koha item type |
|---|---|---|---|---|---|---|---|---|---|---|---|---|---|
| Not For Loan | Non-fiction | D.B.Act.Division | Patel Nagar | 11/10/2018 | DBAD/PUB | 749.00 | 006.6869 GYN | EN-107768 | 1 | 749.00 | English Books |
